Toledo (Record no. 99811)

MARC details
000 -LEADER
campo de control de longitud fija 01054nam a2200241 i 4500
001 - NÚMERO DE CONTROL
campo de control 99811
003 - IDENTIFICADOR DE NÚMERO DE CONTROL
campo de control ES-MaACL
005 - FECHA Y HORA DE LA ÚLTIMA TRANSACCIÓN
campo de control 20250401133627.0
007 - CAMPO FIJO DE DESCRIPCIÓN FÍSICA--INFORMACIÓN GENERAL
campo de control de longitud fija t|
008 - DATOS DE LONGITUD FIJA--INFORMACIÓN GENERAL
campo de control de longitud fija 050919s1952 sp ||||1| spa d
100 1# - ENTRADA PRINCIPAL--NOMBRE DE PERSONA
Nombre de persona Martínez González, Miguel Angel.
9 (RLIN) 78137
245 10 - MENCIÓN DEL TÍTULO
Título Toledo
Resto del título : guía turística /
Mención de responsabilidad, etc. por M. A. Martínez González y P. Puebla Gutiérrez.
260 ## - PUBLICACIÓN, DISTRIBUCIÓN, ETC.
Lugar de publicación, distribución, etc. Toledo :
Nombre del editor, distribuidor, etc. Edit. Católica Toledana,
Fecha de publicación, distribución, etc. 1952.
300 ## - DESCRIPCIÓN FÍSICA
Extensión 140 p., 1 h. con 1 lám., 1 lám., 1 gráf. pleg. :
Otras características físicas il. ;
Dimensiones 24 cm.
510 ## - NOTA DE CITAS O REFERENCIAS BIBLIOGRÁFICAS
Nombre de la fuente CCPB,
Localización dentro de la fuente 001023652-X
651 #4 - PUNTO DE ACCESO ADICIONAL DE MATERIA--NOMBRE GEOGRÁFICO
9 (RLIN) 9443
Nombre geográfico Toledo-
Subdivisión de forma Guías turísticas
700 1# - ENTRADA AGREGADA--NOMBRE PERSONAL
Nombre de persona Puebla Gutiérrez, P.
9 (RLIN) 94125
852 ## - LOCALIZACIÓN
Ubicación ES-MaACL
Número de control de estantería D-6392
Sublocalización o colección R.32121
-- R.M.5987
itemnumber 103543
Ubicación en estantería Sala Valle Inclán
Marcas de propiedad Sello en tinta azul de la Biblioteca del Ateneo de Madrid
Anotaciones manuscritas Anotación manuscrita en portada: "30"
Encuadernación Encuadernación holandesa en tela burdeos
942 ## - ELEMENTOS DE ENTRADA SECUNDARIOS (KOHA)
Fuente del sistema de clasificación o colocación Clasificación decimal universal
Tipo de ítem Koha Libro impreso
Holdings
Estatus retirado Estado de pérdida Estado de daño No para préstamo Biblioteca de origen Biblioteca actual Ubicación en estantería Fecha de adquisición Fuente de adquisición Total de préstamos Signatura topográfica completa Código de barras Visto por última vez Precio de reemplazo Tipo de ítem Koha
        Biblioteca del Ateneo de Madrid Biblioteca del Ateneo de Madrid Sala Valle Inclán 17/01/2008     D-6392 901104218 23/02/2023 23/02/2023 Libro impreso